| 000 | 03092nam a22004817a 4500 | ||
|---|---|---|---|
| 003 | Mxchpua | ||
| 005 | 20250122183443.0 | ||
| 007 | ta | ||
| 008 | 250122s2024 mx o|||fs|||| 000 0 spa d | ||
| 040 | _amxchpua | ||
| 090 |
_aT.C.947 _bIAI S99 _c2024 |
||
| 245 | 1 |
_aCurso de Interrelación Agricultura-Industria : _breporte de Fase de Campo / _ccoordinadora Rosa Guadalupe Szymanski Duque ; colaboradores Filemón Acosta Baltazar...[y otros] |
|
| 260 |
_aChapingo, México : _bEl autor, _c2024 |
||
| 300 |
_a1 recurso en línea (96 páginas) : _bfotos |
||
| 336 |
_2rdacontent _aTexto _btxt |
||
| 337 |
_2rdamedia _acomputadora _bc |
||
| 338 |
_2rdacarrier _arecurso en línea _bcr |
||
| 500 | _aGrado 5° ; Grupo 1 | ||
| 502 |
_aViaje de Estudios _b(IAI) -- _cUACh. Departamento de Ingeniería Agroindustrial, _d2024 |
||
| 505 | 0 |
_aVisitas: _t1. CICIMAR-IPN -- 2. Valle Hermanos -- 3. Santa Maria Sea Food Market -- 4. Rancho Caracol -- 5. Productora Agrícola Camarillo, S.A de C.V. -- 6. Exportadora de Sal ESSA S.A de C. V. -- 7. Vinícola Torres Alegre y Familia -- 8. L.A. Cetto -- 9. Consejo Agrícola de Baja California -- 10. Vinícola el Cielo -- 11. Grupo Bimbo S.A de C. V -- 12. SENASICA -- 13. Macal’s Datilera -- 14. Producción de Algodón en el Valle de Mexicali -- 15. Rancho Nuevo, Mexicali, Baja California -- 16. Miel Abeja Reina de Mexicali |
|
| 650 | 1 | 3 |
_aIndustria de productos hortícolas _zMéxico _zBaja California _9156980 |
| 650 | 1 | 3 |
_aIndustria del vino _zMéxico _zBaja California _9152310 |
| 650 | 1 | 3 |
_aSal de mesa _xIndustria y comercio _zMéxico _zBaja California _9189864 |
| 650 | 1 | 3 |
_aIndustria pesquera _zMéxico _zBaja California _9160456 |
| 650 | 1 | 7 |
_aIndustria lechera _zMéxico _zBaja California _957847 |
| 650 | 1 | 3 |
_aIndustria del ganado y de la carne _zMéxico _zBaja California Norte _9157320 |
| 650 | 1 | 3 |
_aIndustria panadera _zMéxico _zBaja California _9155368 |
| 650 | 1 | 3 |
_aIndustria del algodón _x _zMéxico _zBaja California _9147651 |
| 650 | 1 | 3 |
_aMiel y productos fabricados por abejas _xIndustria y comercio _zMéxico _zBaja California _9162813 |
| 650 | 1 | 3 |
_aHorticultural products industry _zMexico _zBaja California _9151276 |
| 650 | 1 | 0 |
_aWine industry _zMexico _zBaja California _9152311 |
| 650 | 1 | 3 |
_aTable salt _xIndustry and trade _zMexico _zBaja California _9189865 |
| 650 | 1 | 3 |
_aFish industry _zMexico _zBaja California _9160455 |
| 650 | 1 | 3 |
_aDairy industry _zMexico _zBaja California _9152363 |
| 650 | 1 | 3 |
_aLivestock and meat industry _zMexico _zBaja California Norte _9157321 |
| 650 | 1 | 3 |
_aBakery industry _zMexico _zBaja California _9159961 |
| 650 | 1 | 3 |
_aCotton industry _zMexico _zBaja California _9147649 |
| 650 | 1 | 3 |
_aHoney and bee products _xIndustry and trade _zMexico _zBaja California _9162812 |
| 700 | 1 |
_aSzymanski Duque, Rosa Guadalupe _9151434 _ecoordinadora |
|
| 700 | 1 |
_aAcosta Baltazar, Filemón _9189125 _ecolaborador |
|
| 856 | 4 | 0 |
_uhttp://10.13.5.2/ve/TC947_IAI/TC947_IAI_2024-REPORTE.pdf _yDESCARGAR REPORTE |
| 856 | 4 | 0 |
_uhttp://10.13.5.2/ve/TC947_IAI/TC947_IAI_2024-PRESENTACION.pdf _yDESCARGAR PRESENTACION |
| 999 |
_c220359 _d220359 |
||